[Event "Avoine op 32nd"]
[Site "Avoine"]
[Date "2017.07.22"]
[Round "4"]
[White "Pietrasanta, Jeremy"]
[Black "Bauche, Timothe"]
[Result "1/2-1/2"]
[WhiteElo "2234"]
[BlackElo "2049"]
[PlyCount "104"]
[EventDate "2017.07.22"]
[EventType "swiss"]
[EventRounds "9"]
[EventCountry "FRA"]
[SourceTitle "CBM 179 Extra"]
[Source "ChessBase"]
[SourceDate "2017.08.23"]
[SourceVersion "1"]
[SourceVersionDate "2017.08.23"]
[SourceQuality "1"]

1. Nf3 Nf6 2. c4 c5 3. g3 b6 4. Bg2 Bb7 5. 0-0 e6 6. b3 Be7 7. Bb2 0-0 8. Qc2 Nc6 9. a3 d5 10. cxd5 Qxd5 11. d3 Rac8 12. Nbd2 Nd4 13. Bxd4 cxd4 14. Qb2 Rfd8 15. Rfc1 Ne8 16. Rc4 e5 17. Rac1 f6 18. b4 Qd7 19. Rxc8 Rxc8 20. Rxc8 Qxc8 21. Qb3+ Kf8 22. h4 Qc1+ 23. Kh2 Qc3 24. Qe6 Bc8 25. Qa2 Nc7 26. Bh3 Bb7 27. Ne4 Qc1 28. Qb3 b5 29. Be6 Nxe6 30. Qxe6 Bxe4 31. dxe4 Qxa3 32. h5 Qxb4 33. Nh4 Qc4 34. Qd7 Qxe2 35. h6 Qxf2+ 36. Kh3 Qf1+ 37. Kh2 Qf2+ 38. Kh3 Qf1+ 39. Kh2 Qe2+ 40. Kh3 g6 41. Qc8+ Kf7 42. Qh8 Qxe4 43. Qxh7+ Ke6 44. Qg8+ Kd7 45. Nxg6 Qh1+ 46. Kg4 Qxh6 47. Qf7 Qg5+ 48. Kh3 Qf5+ 49. Kh4 Qe4+ 50. Kh3 Qh1+ 51. Kg4 Qe4+ 52. Kh3 Qh1+ 1/2-1/2

[Event "Paris-ch op-A 89th"]
[Site "Paris"]
[Date "2014.07.10"]
[Round "6"]
[White "Bauche, Timothe"]
[Black "Gantner, Ludovic"]
[Result "0-1"]
[WhiteElo "2070"]
[BlackElo "2171"]
[PlyCount "70"]
[EventDate "2014.07.05"]
[EventType "swiss"]
[EventRounds "9"]
[EventCountry "FRA"]
[SourceTitle "EXT 2016"]
[Source "ChessBase"]
[SourceDate "2015.10.08"]
[SourceVersion "1"]
[SourceVersionDate "2015.10.08"]
[SourceQuality "1"]

1. d4 Nf6 2. c4 g6 3. Nc3 Bg7 4. e4 d6 5. f3 0-0 6. Be3 c5 7. Nge2 Nc6 8. d5 Ne5 9. Ng3 e6 10. Be2 exd5 11. cxd5 a6 12. a4 Bd7 13. 0-0 b5 14. axb5 axb5 15. Rxa8 Qxa8 16. Bg5 Rb8 17. Qc2 Qa5 18. Nd1 Ne8 19. Bd2 Qa7 20. Ne3 h5 21. Nh1 b4 22. Nf2 Qa2 23. f4 Ng4 24. Nfxg4 hxg4 25. Bc1 Bd4 26. Kh1 Nf6 27. Bc4 b3 28. Qd3 Bxb2 29. Bxb2 Qxb2 30. Rb1 Qd4 31. Rxb3 Rxb3 32. Qxb3 Nxe4 33. Bf1 g3 34. hxg3 Nf2+ 35. Kh2 Qxe3 0-1

[Event "Lille Luce op 5th"]
[Site "Lille"]
[Date "2014.05.02"]
[Round "6"]
[White "Bauche, Timothe"]
[Black "Ledent, Philippe"]
[Result "1/2-1/2"]
[WhiteElo "2045"]
[BlackElo "1877"]
[PlyCount "84"]
[EventDate "2014.04.28"]
[EventType "swiss"]
[EventRounds "9"]
[EventCountry "FRA"]
[SourceTitle "CBM 160 Extra"]
[Source "ChessBase"]
[SourceDate "2014.07.01"]
[SourceVersion "1"]
[SourceVersionDate "2014.07.01"]
[SourceQuality "1"]

1. d4 Nf6 2. c4 e5 3. dxe5 Ng4 4. Bf4 g5 5. Bg3 Nc6 6. Nf3 Bg7 7. Nc3 Ngxe5 8. Nxe5 Nxe5 9. e3 d6 10. Be2 Be6 11. 0-0 0-0 12. Qa4 g4 13. Rfd1 Qe7 14. Nd5 Qd8 15. Rac1 h5 16. c5 Bd7 17. Qb4 c6 18. Nc3 d5 19. e4 a5 20. Qb6 Qxb6 21. cxb6 d4 22. Na4 f5 23. Bxe5 Bxe5 24. Nc5 Bc8 25. Bc4+ Kg7 26. exf5 Rxf5 27. Bd3 Rf7 28. Re1 Re7 29. Re2 Bf6 30. Ne4 Be6 31. Rce1 Bf7 32. a3 Rae8 33. Nxf6 Kxf6 34. Rxe7 Rxe7 35. Rxe7 Kxe7 36. Ba6 Kd6 37. Bxb7 Kc5 38. Bc8 Kxb6 39. Kf1 c5 40. Ke2 Kb5 41. Kd3 Bg6+ 42. Kd2 Be4 1/2-1/2

[Event "Metz op 31th"]
[Site "Metz"]
[Date "2013.07.25"]
[Round "8"]
[White "Riff, Jean Noel"]
[Black "Bauche, Timothe"]
[Result "0-1"]
[WhiteElo "2467"]
[BlackElo "1978"]
[PlyCount "40"]
[EventDate "2013.04.20"]
[EventType "swiss"]
[EventRounds "9"]
[EventCountry "FRA"]
[SourceTitle "EXT 2016"]
[Source "ChessBase"]
[SourceDate "2015.10.08"]
[SourceVersion "1"]
[SourceVersionDate "2015.10.08"]
[SourceQuality "1"]

1. e4 e5 2. Nf3 Nc6 3. Bb5 a6 4. Ba4 d6 5. c3 f5 6. exf5 Bxf5 7. d4 e4 8. Qe2 Be7 9. Nfd2 d5 10. f3 Nf6 11. fxe4 dxe4 12. 0-0 Bg6 13. Bb3 Qd7 14. Nc4 0-0-0 15. Bf4 Bh5 16. Qe1 g5 17. Be5 Rhf8 18. Nbd2 e3 19. Bxf6 e2 20. Qxe2 Bxe2 0-1

[Event "Metz op 31th"]
[Site "Metz"]
[Date "2013.04.23"]
[Round "6"]
[White "Aguettaz, Maxime"]
[Black "Bauche, Timothe"]
[Result "1-0"]
[WhiteElo "2412"]
[BlackElo "1978"]
[PlyCount "59"]
[EventDate "2013.04.20"]
[EventType "swiss"]
[EventRounds "9"]
[EventCountry "FRA"]
[SourceTitle "EXT 2016"]
[Source "ChessBase"]
[SourceDate "2015.10.08"]
[SourceVersion "1"]
[SourceVersionDate "2015.10.08"]
[SourceQuality "1"]

1. Nf3 d5 2. c4 d4 3. g3 Nc6 4. Bg2 e5 5. d3 Nf6 6. 0-0 Be7 7. b4 Nxb4 8. Nxe5 0-0 9. a3 Na6 10. Nd2 Bd6 11. Nef3 c5 12. Rb1 Nb8 13. Nb3 Nc6 14. e4 Bg4 15. h3 Bxf3 16. Qxf3 Rb8 17. Bg5 h6 18. Bxf6 Qxf6 19. Qd1 Qg6 20. Nd2 f5 21. exf5 Qxf5 22. Ne4 Bc7 23. f4 b6 24. Qa4 Na5 25. Rbc1 Kh8 26. Rc2 Qg6 27. Rcf2 Rbc8 28. f5 Qf7 29. f6 g5 30. Qd1 1-0

[Event "Avoine op 26th"]
[Site "Avoine"]
[Date "2011.07.28"]
[Round "6"]
[White "Debray, Christopher"]
[Black "Bauche, Timothe"]
[Result "1-0"]
[WhiteElo "2364"]
[BlackElo "1902"]
[PlyCount "47"]
[EventDate "2011.07.23"]
[EventType "swiss"]
[EventRounds "9"]
[EventCountry "FRA"]
[SourceTitle "EXT 2012"]
[Source "ChessBase"]
[SourceDate "2011.11.24"]
[SourceVersion "1"]
[SourceVersionDate "2011.11.24"]
[SourceQuality "1"]

1. d4 d5 2. c4 c6 3. Nf3 Nf6 4. e3 e6 5. Nbd2 Nbd7 6. Bd3 Bd6 7. 0-0 0-0 8. e4 e5 9. cxd5 cxd5 10. Re1 Re8 11. exd5 exd4 12. Rxe8+ Qxe8 13. Nc4 Bc5 14. d6 Nb6 15. Bf4 Be6 16. Na5 Bd5 17. Rc1 Na4 18. Bf5 Qb5 19. Nb3 Bxf3 20. Qxf3 Rd8 21. Be5 Rxd6 22. Nxc5 Rc6 23. Bxf6 Qxb2 24. Re1 1-0